<?xml version="1.0" encoding="UTF-8"?>
<collection xmlns="http://www.loc.gov/MARC21/slim">
 <record>
  <leader>00937nam a2200205 a 4500</leader>
  <controlfield tag="001">1/53515</controlfield>
  <controlfield tag="008">210906s1998    gr b          000 | gre d</controlfield>
  <datafield tag="020" ind1=" " ind2=" ">
   <subfield code="a">9605600145</subfield>
  </datafield>
  <datafield tag="040" ind1=" " ind2=" ">
   <subfield code="a">GR-PeUP</subfield>
  </datafield>
  <datafield tag="082" ind1="0" ind2="0">
   <subfield code="a">949.587 ΔΩΔ</subfield>
  </datafield>
  <datafield tag="245" ind1="0" ind2="0">
   <subfield code="a">Δωδεκάνησα :</subfield>
   <subfield code="b">συνθήκες - νόμοι - στατιστικές - χάρτες 1947 - 1997 /</subfield>
   <subfield code="c">συλλογή - επιμέλεια Τριαντ. Α. Γεροζήσης.</subfield>
  </datafield>
  <datafield tag="260" ind1=" " ind2=" ">
   <subfield code="a">Αθήνα :</subfield>
   <subfield code="b">Βουλή των Ελλήνων,</subfield>
   <subfield code="c">1998.</subfield>
  </datafield>
  <datafield tag="300" ind1=" " ind2=" ">
   <subfield code="a">587 σ. :</subfield>
   <subfield code="b">χάρτες ;</subfield>
   <subfield code="c">24 εκ.</subfield>
  </datafield>
  <datafield tag="651" ind1=" " ind2="4">
   <subfield code="a">Δωδεκάνησος (Νομός)</subfield>
   <subfield code="x">Ιστορία.</subfield>
  </datafield>
  <datafield tag="651" ind1=" " ind2="4">
   <subfield code="a">Δωδεκάνησος (Νομός)</subfield>
   <subfield code="x">Χάρτες.</subfield>
  </datafield>
  <datafield tag="651" ind1=" " ind2="0">
   <subfield code="a">Dodecanese Islands (Greece)</subfield>
   <subfield code="x">History.</subfield>
  </datafield>
  <datafield tag="651" ind1=" " ind2="0">
   <subfield code="a">Dodecanese Islands (Greece)</subfield>
   <subfield code="x">Maps.</subfield>
  </datafield>
  <datafield tag="700" ind1="1" ind2=" ">
   <subfield code="a">Γεροζήσης, Τριαντάφυλος Α.</subfield>
  </datafield>
  <datafield tag="852" ind1=" " ind2=" ">
   <subfield code="a">INST</subfield>
   <subfield code="b">UNIPILB</subfield>
   <subfield code="c">MAIN</subfield>
   <subfield code="e">20210906</subfield>
   <subfield code="h">949.587 ΔΩΔ</subfield>
   <subfield code="p">00184080</subfield>
   <subfield code="q">00184080</subfield>
   <subfield code="t">LOAN</subfield>
   <subfield code="y">0</subfield>
   <subfield code="4">1</subfield>
  </datafield>
  <datafield tag="960" ind1=" " ind2=" ">
   <subfield code="a">ΜΑΡΙΑ ΒΕΛ</subfield>
  </datafield>
 </record>
</collection>
